00696nam a2200217Ia 450000500170000000800410001704000190005804100120007708200140008910000450010324500730014826000540022130000150027550400190029065000100030970000220031985000110034194200070035299900170035995201020037620230826111944.0131103s9999 xx 000 0 und d aLoreto College aEnglish a220 bJUR aSelected and Translated by W. A. Jurgens 4aThe faith of the Early FatherscSelected & translated by W A Jurgens aBanglorebTheological Publications in Indiac1984 aV.1b ill. aIncludes index aBible aJurgens, W A; tr. aLCLIB  cBK c25529d76008 00102ddc4070aMAINbMAINd2013-11-04l0o220 JUR 29122pB28364r2013-11-04w2013-11-04yBKf